1335 1222 1154 1363 1955 1613 1619 1259 1857 1276 1934 1807 1377 1027 1462 1161 1479 1602 1113 1804 1770 1217 1013 1365 1579 1229 1476 1396 1633 1374 1577 1892 1918 1691 1459 1100 1912 1617 1795 1795 1623 1887 1061 1954 1707 1789 1863 1341 1174 1813 1526 1862 1230 1363 1460 1398 1182 1183 1568 1938 1464 1559 1408 1107 1931 1215 1832 1895 1555 1086 1415 1098 1770 1842 1418 1612 1507 1210 1070 1496 1236 1458 1789 1130 1611 1360 1702 1624 1740 1809 1245 1041 1591 1666 1569 1662 1875 1874 1473 BCNSPRNW ULIB Ver.6.0+V

เปลี่ยนเป็นภาษาไทย

Change to English
 แสดงรายละเอียดบรรณานุกรม
  กลับหน้าหลัก

Brief Record : Get Marc (ISO 2709) : E-mail record : QR code < ปิดหน้าต่าง
LEADER : 00000nam 2200000uu 4500
001    13399113121
003     ULIB
008    110927s||||||||th 000 0 tha d
020    9789740581253
050  4 Q76^bบ226ค 2551
245 00 คู่มือการสร้างหนังสือ e-book /^cบริษัท โอเพ่นเซิร์ฟ (ประเทศไทย) จำกัด ; กรรณิการ์ จินดารัตน์ ... [และคนอื่นๆ]
250    พิมพ์ครั้งที่ 1
260    กรุงเทพฯ :^bโซลูชั่น คอนเนอร์ (1988),^c2551
300    vii, 176, v หน้า :^bภาพประกอบ ;^c23 ซม.
650  4 หนังสืออิเล็กทรอนิกส์
650  4 ไอเลิฟไลบรารี (โปรแกรมคอมพิวเตอร์)
700 0  กรรณิการ์ จินดารัตน์,^eบรรณาธิการ
710 2  บริษัทโอเพ่นเซิร์ฟ (ประเทศไทย)
945    ^p195^l0^i023873
945    ^p195^l0^i023874
995    ทศพร
999 ^a ทศพร
รายการนี้ยังไม่มีแท็ก
คุณยังไม่ได้ล็อกอิน คุณสามารถมีกิจกรรมร่วมกับเว็บไซต์ได้ แต่ต้องล็อกอินก่อน ::
  ล็อกอิน

รายการสื่อสารสนเทศ

ลำดับที่ ประเภท เลขเรียก/บาร์โค้ด สถานที่ สถานะ
1. วิทยาศาสตร์การแพทย์ และสุขภาพ
วิทยาศาสตร์การแพทย์ และสุขภาพ
Q76 บ226ค 2551 ฉ.2 
  Barcode: 023874
ห้องสมุดวิทยาเขตสวรรค์ประชารักษ์
►ส่วนจัดเก็บหนังสือเก่า สปร
บนชั้น
  ขอยืม

รายการใกล้เคียง
    หัวเรื่อง [หนังสืออิเล็กทรอนิกส์]
    หัวเรื่อง [ไอเลิฟไลบรารี (โปรแกรมคอมพิวเตอร์)]

BibComment


ยังไม่เคยถูกคอมเมนท์

คอมเมนท์ทรัพยากรรายการนี้
  คอมเมนท์: คู่มือการสร้างหนั..


 Copyright 2026. Bcnsprnw @Library